000 00627nam a2200229Ia 4500
003 OSt
005 20220916111058.0
006 a|||||r|||| 00| 0
007 ta
008 220915b |||||||| |||| 00| 0 eng d
024 _a248608
037 _cTextbook
040 _beng
_aARTS
_cARTS
041 _aeng
082 _aT:8, L7
100 _aJamison Dean T.
245 0 _aCost factors in planning educational technology system
260 _aParis
_bUnesco : International Institute for educational Planning
300 _a62p.
_ccm.
942 _hT:8, L7
_cTB
_2CC
999 _c105094
_d105094